| 000 | 00826cam a2200253 4500 | ||
|---|---|---|---|
| 001 | WS108244 | ||
| 008 | 000000n 000 0 eng u | ||
| 035 | _a(Sirsi) u108244 | ||
| 110 |
_aForestry Commission _9804 |
||
| 245 | _aForestry Commission | ||
| 520 | _aWeb site which enables you to find out about the country's forests and outlines the work of the Commission to protect and expand them. | ||
| 650 | _aFORESTRY | ||
| 650 | _aTREES | ||
| 650 | _aGRANTS | ||
| 650 | _aLICENCES | ||
| 650 | _aWOODLAND GRANT SCHEME | ||
| 650 | 0 | _aFARMLAND WOODLAND PREMIUM SCHEME | |
| 650 | 0 | _aFELLING LICENCES | |
| 650 | _aORGANISATION | ||
| 650 | _aGOVERNMENT | ||
| 690 | _aRURAL-AGRICULTURE AND FORESTRY | ||
| 856 | 4 | 0 |
_uhttps://www.forestry.gov.uk _zView the website free of charge at www.forestry.gov.uk... |
| 942 | _n0 | ||
| 999 |
_c119647 _d119647 |
||